000 00733nam a2200229 i 4500
001 104400
003 ES-MaACL
005 20250920063052.0
007 t|
008 051129s1974 ag ||||1| spa d
100 1 _aMill, John Stuart,
_d1806-1873
_981119
245 1 3 _aEl utilitarismo /
_cJohn Stuart Mill; traducción del inglés y prólogo de Ramón Castilla.
250 _a[5ª ed.].
260 _aBuenos Aires :
_bAguilar,
_c1974.
300 _a112 p. ;
_c19 cm.
490 1 _aIniciación filosófica ;
_v34
650 0 4 _aUtilitarismo.
_917718
700 1 _aCastilla, Ramón.
_936647
830 0 _aIniciación filosófica ;
_v34
_9182597
852 _aES-MaACL
_jE-8949
_bR.93265
999 _c104400
_d104400